000 00671nam a2200205 i 4500
001 187783
003 ES-MaACL
005 20260617165151.0
008 180221s1961 sp |||| | spa d
100 0 _aScully, Vincent.
_9104975
245 1 0 _aFrank Lloyd Wright /
_cVincent Scully ; [versión de Adolfo Sarabia].
260 _aBarcelona :
_bBruguera,
_c[1961]
300 _a127 p., lám. 1-127 ;
_c26 cm.
490 1 _aMaestros de la Arquitectura Mundial
600 1 7 _aWright, Frank Lloyd,
_d1867-1959
_9148530
700 0 _aSarabia, Adolfo.
_9103732
830 0 _aMaestros de la Arquitectura Mundial
_9192833
852 _aES-MaACL
_jE-3955
999 _c187783
_d187783